| 000 | 00571nam a2200169 a 4500 | ||
|---|---|---|---|
| 008 | 120416s0000 ||||||||||||||||| || u | ||
| 020 | _a0814477461 | ||
| 050 | _aHF 5438.4 Bro | ||
| 100 | _aBrown, Ronald | ||
| 245 | 1 | 0 | _aFrom selling to managing |
| 246 | _aguidelines for the first time sales manager | ||
| 250 | _aRev. ed. | ||
| 260 |
_aNew York _bAMACOM _c1990 |
||
| 300 | _a161p. : ill | ||
| 350 | _a0.00 | ||
| 995 |
_D0.00 _FCBU-MAIN LIBRARY (Kitwe) _H1 _I16.95 _UAVAILABLE _ZMain Library Open Access Collection |
||
| 999 |
_c44053 _d44053 |
||